Loading...
| Science - Chemistry | 4 | 6 | 0 | 3 | 120 | 36 | 86.60 | 4 | 6 |
| Science - Biology | 6 | 3 | 0 | 0 | 120 | 11 | 54.22 | 4 | 8 |
| Science - Physics | 1 | 4 | 1 | 0 | 50 | 44 | 82.20 | 1 | 4 |
| Mythology | 1 | 1 | 0 | 0 | 25 | 67 | 94.50 | 2 | 2 |
| Literature - World Literature | 1 | 1 | 0 | 0 | 25 | 60 | 79.00 | 2 | 2 |
| Social Science | 1 | 0 | 0 | 0 | 15 | 58 | 58.00 | 0 | 1 |
| History - World History | 1 | 0 | 0 | 0 | 15 | 62 | 62.00 | 1 | 1 |
| Other Academic | 1 | 0 | 0 | 0 | 15 | 26 | 26.00 | 1 | 1 |
| Science - Other Science | 1 | 0 | 0 | 0 | 15 | 75 | 75.00 | 1 | 1 |
| Literature - British Literature | 0 | 1 | 0 | 0 | 10 | 127 | 127.00 | 0 | 1 |
| Literature - American Literature | 0 | 1 | 0 | 1 | 10 | 164 | 164.00 | 0 | 1 |
| Geography | 0 | 1 | 1 | 1 | 5 | 145 | 145.00 | 0 | 1 |
| Fine Arts - Visual Fine Arts | 0 | 0 | 1 | 0 | -5 | 0.00 | 0 | 0 | |
| History - Ancient History | 0 | 0 | 1 | 0 | -5 | 0.00 | 0 | 0 | |
| Fine Arts - Auditory Fine Arts | 0 | 0 | 1 | 0 | -5 | 0.00 | 0 | 0 |